Vytvorenie obsahu kurzu k vybranému predmetu v LMS Moodle bakalárska práca

Saved in:
Bibliographic Details
Main Author: Fábryová, Terézia
Corporate Author: Fakulta hospodárskej informatiky EU. Katedra aplikovanej informatiky
Other Authors: Brixová, Janette
Format: Book
Language:Slovak
Published: Bratislava 2013
Tags: Add Tag
No Tags, Be the first to tag this record!

MARC

LEADER 00000nbm a2200000 4500
001 0173117
005 20161109112139.6
041 0 |a slo 
044 |a SK 
245 1 0 |a Vytvorenie obsahu kurzu k vybranému predmetu v LMS Moodle  |b bakalárska práca  |c Terézia Fábryová ; školiteľ: Janette Brixová 
264 1 |a Bratislava  |c 2013 
300 |a 49 s. 
100 1 |a Fábryová, Terézia 
700 1 |a Brixová, Janette 
710 2 |a Fakulta hospodárskej informatiky EU. Katedra aplikovanej informatiky